000 00277nam a22001337a 4500
008 171124b xxu||||| |||| 00| 0 eng d
020 _a0205655157
041 _aeng
080 _26 ED
_a82
100 _a21
101 _aGJU
245 _aPOETRY
_cGWYN.R.S
942 _2udc
_cBK
999 _c38417
_d38417